000 00208 a2200097 4500
001 126708
040 _cEscola Canadense de Niteroi
090 _aMP
245 1 0 _aJogo de Encaixe Madeira Árvore
942 _cMATP
999 _c126708
_d126708